| 000 | 02414cam a22004334a 4500 | ||
|---|---|---|---|
| 001 | 12587 | ||
| 003 | OSt | ||
| 005 | 20250827115018.0 | ||
| 008 | 020319s2003 nyua 001 0 eng | ||
| 010 | _a 2002004490 | ||
| 020 | _a0471209066 | ||
| 020 | _a9780471209065 | ||
| 035 | _a12710944 | ||
| 040 |
_aDLC _cDLC _dDLC |
||
| 042 | _apcc | ||
| 050 | 0 | 0 |
_aNA2700 _b.C46 2003 |
| 082 | 0 | 0 |
_a720.284 CHI _221 _b12587 |
| 100 | 1 |
_aChing, Francis D. K., _d1943- |
|
| 245 | 1 | 0 |
_aArchitectural graphics / _cFrancis D.K. Ching. |
| 250 | _a4th ed. | ||
| 260 |
_aNew York : _bJohn Wiley, _cc2003. |
||
| 300 |
_aviii, 215 p. : _bill. ; _c28 cm. |
||
| 336 |
_atext _btxt _2rdacontent |
||
| 337 |
_aunmediated _bn _2rdamedia |
||
| 338 |
_avolume _bnc _2rdacarrier |
||
| 500 | _aIncludes index. | ||
| 520 | _aThe completely updated, illustrated bestseller on architectural graphics with over 500,000 copies sold Architectural Graphics presents a wide range of basic graphic tools and techniques designers use to communicate architectural ideas. Expanding upon the wealth of illustrations and information that have made this title a classic, this Fourth Edition provides expanded and updated coverage of drawing materials, multiview drawings, paraline drawings, and perspective drawings. Also new to this edition is the author's unique incorporation of digital technology into his successful methods. While covering essential drawing principles, this book presents: approaches to drawing section views of building interiors, methods for drawing modified perspectives, techniques for creating accurate shade and shadows, expert styles of freehand sketching and diagramming, and much more. | ||
| 650 | 0 | _aArchitectural drawing. | |
| 650 | 0 | _aMaterials & Methods | |
| 650 | 0 | _adrafting | |
| 650 | 0 | _aGraphic Communication | |
| 856 | 4 | 2 |
_3Contributor biographical information _uhttp://www.loc.gov/catdir/bios/wiley045/2002004490.html |
| 856 | 4 | 2 |
_3Publisher description _uhttp://www.loc.gov/catdir/description/wiley038/2002004490.html |
| 856 | 4 | 1 |
_3Table of contents _uhttp://www.loc.gov/catdir/toc/wiley022/2002004490.html |
| 906 |
_a7 _bcbc _corignew _d1 _eecip _f20 _gy-gencatlg |
||
| 942 |
_2ddc _cBK _n0 |
||
| 999 |
_c10911 _d10911 |
||